Insolvency Practices Council (Record no. 119813)

MARC details
000 -LEADER
fixed length control field 00815cam a2200205 4500
001 - CONTROL NUMBER
control field WS114076
008 - FIXED-LENGTH DATA ELEMENTS--GENERAL INFORMATION
fixed length control field 010813n 000 0 eng u
035 ## - SYSTEM CONTROL NUMBER
System control number (Sirsi) u114076
110 ## - MAIN ENTRY--CORPORATE NAME
Corporate name or jurisdiction name as entry element Insolvency Practices Council
9 (RLIN) 4102
245 ## - TITLE STATEMENT
Title Insolvency Practices Council
520 ## - SUMMARY, ETC.
Summary, etc. Web site for this organisation set up as a public interest body with a remit to look at ethical and professional standards of the insolvency profession. Includes news pages and their annual report.
650 ## - SUBJECT ADDED ENTRY--TOPICAL TERM
Topical term or geographic name entry element Insolvency
9 (RLIN) 6247
650 ## - SUBJECT ADDED ENTRY--TOPICAL TERM
Topical term or geographic name entry element STANDARDS
650 ## - SUBJECT ADDED ENTRY--TOPICAL TERM
Topical term or geographic name entry element ETHICS
650 ## - SUBJECT ADDED ENTRY--TOPICAL TERM
Topical term or geographic name entry element ORGANISATION
650 ## - SUBJECT ADDED ENTRY--TOPICAL TERM
Topical term or geographic name entry element Management consultancy
9 (RLIN) 6255
690 ## - LOCAL SUBJECT ADDED ENTRY--TOPICAL TERM (OCLC, RLIN)
Topical term or geographic name as entry element MANAGEMENT-BUSINESS MANAGEMENT
856 40 - ELECTRONIC LOCATION AND ACCESS
Uniform Resource Identifier <a href="https://www.insolvencypractices.org.uk">https://www.insolvencypractices.org.uk</a>
Public note View the website free of charge at www.insolvencypractices.org.uk...
942 ## - ADDED ENTRY ELEMENTS (KOHA)
Suppress in OPAC 0
Holdings
Withdrawn status Lost status Source of classification or shelving scheme Damaged status Not for loan Home library Current library Shelving location Date acquired Total Checkouts Full call number Barcode Date last seen Copy number Price effective from Koha item type
    Dewey Decimal Classification     Virtual Virtual Online 13/08/2001   WEB SITE 114076-2001 06/08/2019 1 06/08/2019 Online material